| 000 | 00936nam a22002777a 4500 | ||
|---|---|---|---|
| 001 | 5256 | ||
| 003 | FISKH | ||
| 005 | 20241121135053.0 | ||
| 008 | 241121b cb ||||| |||| 00| 0 eng d | ||
| 020 | _a0195852710 | ||
| 040 |
_aFISKH _beng _cFISKH _dFISKH |
||
| 050 | _aPE1126.O941 | ||
| 082 | _a428.6 | ||
| 100 | _aAlcott, Louisa M. | ||
| 245 |
_aLittle Women / _cby Louisa May Alcott |
||
| 250 | _aFirst published 1992 | ||
| 260 |
_aNew York : _bOxford University Press ; _c1992 . |
||
| 300 |
_a57 pages : _bcolor illustrations ; _c21 cm . |
||
| 505 | _aZ | ||
| 520 | _aThe New Oxford Progressive English Readers offer a great selection of classic novels and plays from renowned authors that have been abridged in the form of easy-to-read stories for children to enjoy. | ||
| 521 | 8 |
_a1190
_bLexile |
|
| 521 | 8 |
_aZ
_bRaz-Plus |
|
| 700 |
_aYung , Choy Man _eillustrator |
||
| 942 |
_2ddc _cBK _n0 |
||
| 999 |
_c5256 _d5256 |
||